Least and Most Corrupt Countries in the World - Statistics

General Stats
  • This quiz has been taken 23 times
  • The average score is 9 of 15
Answer Stats
Answer % Correct
Denmark
88%
Finland
88%
Norway
81%
Syria
75%
New Zealand
69%
Yemen
63%
North Korea
56%
Singapore
56%
Venezuela
56%
Somalia
44%
Equatorial Guinea
38%
Haiti
38%
Libya
38%
Nicaragua
38%
South Sudan
38%
No matching quizzes found
Score Distribution
Percent of People with Each Score
Percentile by Number Answered
Your Score History
You have not taken this quiz